00894nam a2200229 i 4500001000700000003000900007005001700016007000300033008004100036245023900077250001200316260004700328300002200375490002600397500003100423700003300454710005700487710002800544710004500572830002600617852002100643125901ES-MaACL20230906192722.0t|070214s1952 sp l |||| | spa d00aReglamento de Población y Demarcación b: contiene el citado de 17 de mayo de 1952, seguido de disposiciones complementarias / ccomentado, concordado y extensamente anotado por la redacción de El Consultor de los Ayuntamientos. a1ª ed. aMadrid : b[s. n.], c1952 (fImp. Florez) a245 p. ; c21 cm.1 aRégimen local ; v1 aPrecede al tít.: Abella.1 aAbella y Fuertes, Joaquín,2 aEl Consultor de los Ayuntamientos y de los Juzgados.1 aEspaña. tLeyes, etc.1 aEspaña. bMinisterio de Gobernación.0 aRégimen local ; v1 aES-MaACLjD-9307